LEADER 01130nam a2200217 4500 001 000000365949 003 CaOOAMICUS 005 20260105163207.0 008 260105s1905 it 2 000 u ita r 040 $aSeMil$bita 100 1 $aOlivi, Luigi.$0(OLS)http://semarc/name/71600 245 10$aContardo Ferrini :$bconferenza tenuta nel Salone dell'Istituto dei ciechi in Milano il 25 marzo 1905 /$cprof. Luigi Olivi ; a cura del Circolo universitario cattolico S. Severino Boezio di Pavia. 264 1$a[S.l. :$bs.n.],$c1905$e(Milano :$fTipografia Pont. ed Arciv. S. Giuseppe) 300 $a27 p. ;$c23 cm 500 $aEstratto da: Associazione studenti S. Stanislao, Milano 600 14$aFerrini, Contardo .$0(OLS)http://semarc/subject/1935 850 $aSeMil 852 $aSeMil$W1$xVenegono$y1$m5C VIII 7/14$j265880$B256743$CSeMilBibl$Z2$F256743 $86 996 $6245$aContardo Ferrini :$bconferenza tenuta nel Salone dell'Istituto dei ciechi in Milano il 25 marzo 1905$9(OLS)http://semarc/title/457641 996 $6264$a[S.l. :$bs.n.]$9(OLS)http://semarc/publisher/29751 LEADER 01129nam a2200265 4500 001 000000352519 003 CaOOAMICUS 005 20230113125319.0 008 221216s2011 it 000 u ita r 040 $aSeMil$bita 100 1 $aMalamud, Bernard,$d<1914-1986>.$0(OLS)http://semarc/name/58881 245 12$aI primi sette anni e altri racconti /$cBernard Malamud. 264 1$aMilano :$bIl Sole 24 ORE,$c2011. 300 $a78 p. ;$c19 cm 490 1 $aRacconti d'autore ;$v16 490 1 $aI libri della domenica 500 $aContiene: I primi sette anni ; La ragazza dei miei sogni ; L'angelo Levine ; Il barile magico 830 0$aRacconti d'autore ;$v16.$0(OLS)http://semarc/title/442340 830 2$aI libri della domenica.$0(OLS)http://semarc/title/442339 850 $aSeMil 852 $aSeMil$W1$xVenegono$y1$m1T I 121$j237062$B243710$CSeMilBibl$Z2$F243710 $81 961 $aTorretta don Sante - Lascito 996 $6245$aI primi sette anni e altri racconti$9(OLS)http://semarc/title/442364 996 $6264$aMilano :$bIl Sole 24 ORE$9(OLS)http://semarc/publisher/32564